Geography Quiz

Random Geography or City Quiz
Score 0/30 Timer 08:00
0 Plays Today
Population & Region Capital % Correct
11,541,000 (Europe/Asia)Moscow
98.7%
13,189,000 (Asia)Tokyo
98.3%
8,851,080 (N. America)Mexico City
91.3%
10,528,774 (Asia)Seoul
90.9%
8,174,100 (Europe)London
88.7%
10,187,595 (Asia)Jakarta
87%
7,438,376 (Africa)Cairo
85.2%
7,613,303 (S. America)Bogota
84.8%
7,605,742 (S. America)Lima
83.9%
7,741,274 (Asia)Beijing
81.7%
7,216,040 (Middle East)Baghdad
81.3%
4,890,893 (Europe/Asia)Ankara
77.8%
5,084,038 (S. America)Santiago
76.5%
9,110,347 (Asia)Tehran
75.7%
8,249,117 (Asia)Bangkok
75.2%
Population & Region Capital % Correct
3,520,000 (Europe)Berlin
74.8%
4,878,723 (Middle East)Riyadh
73.5%
3,233,527 (Europe)Madrid
70%
4,385,264 (Africa)Kinshasa
66.1%
6,080,671 (Asia)Dhaka
65.7%
3,500,000 (Middle East)Damascus
64.3%
2,891,082 (S. America)Buenos Aires
63%
2,792,508 (Europe)Rome
60%
5,312,000 (Asia)Singapore
53.9%
2,832,398 (Europe)Kiev
53.9%
3,398,889 (Asia)Hanoi
51.3%
3,040,740 (Africa)Addis Ababa
50.9%
2,665,657 (Africa)Nairobi
49.6%
3,144,005 (Asia)Pyongyang
44.8%
3,140,853 (Asia)Kabul
40.4%
Remove Ads.
Support Sporcle.
Get the best of Sporcle when you Go Orange. This ad-free experience offers more features, more stats, and more fun while also helping to support Sporcle. Thank you for becoming a member.

You're not logged in!

Compare scores with friends on all Sporcle quizzes.
OR
Log In

Show Comments

Extras

Top Quizzes Today


Score Distribution

Your Account Isn't Verified!

In order to create a playlist on Sporcle, you need to verify the email address you used during registration. Go to your Sporcle Settings to finish the process.

Report this User

Report this user for behavior that violates our Community Guidelines.

Details: